| 000 | 00512nam a2200169Ia 4500 | ||
|---|---|---|---|
| 003 | SGT | ||
| 020 | _a9788120339019 | ||
| 082 |
_a620.112 _bMOT |
||
| 100 | _aMott,Robert L | ||
| 245 | _aApplied strength of materials | ||
| 250 | _a5th Ed. | ||
| 260 |
_bPHI Learning Private Limited _aNew Delhi _c2009 |
||
| 300 | _a776p. | ||
| 650 | _aMECHANICAL ENGINEERING | ||
| 653 | _aBASIC CONCEPTS STRENGTH OF MATERIALS,DIRECT STRESS DEFORMATION AND DESIGN, SHEARING FORCES AND BENDING MOMENTS IN BEAMS | ||
| 942 |
_2ddc _cBK |
||
| 999 |
_c5015 _d5015 |
||